[Event "Cap d'Agde-A"]
[Site "Cap d'Agde"]
[Date "2003.10.26"]
[Round "6"]
[White "Topalov, Veselin"]
[Black "Bareev, Evgeny"]
[Result "1/2-1/2"]
[WhiteElo "2735"]
[BlackElo "2739"]
[Annotator "Lukacs,P"]
[PlyCount "114"]
[EventDate "2003.10.24"]
[EventType "tourn (rapid)"]
[EventRounds "7"]
[EventCountry "FRA"]
[EventCategory "19"]
[SourceTitle "CBM 098"]
[Source "ChessBase"]
[SourceDate "2004.02.03"]
[SourceVersion "1"]
[SourceVersionDate "2004.02.03"]
[SourceQuality "1"]

1. e4 c6 2. d4 d5 3. e5 Bf5 4. h4 h5 5. c4 e6 6. Nc3 Be7 7. g3 dxc4 {Black
wants to take control over the vital blockading square >< d5 even at an
expence of a tempo.} (7... Nh6 8. Bg5 $5 {This is a critical idea, White wants
to exchange his bad B for his counterpart.} (8. Bxh6 $5) 8... dxc4 (8... Bxg5
9. hxg5 Qxg5 10. Rxh5 Qe7 11. cxd5 (11. g4 Bg6 (11... Bxg4 $2 12. Rxh6 $1 $18)
12. Rh3 O-O) 11... exd5 $13 {Minasian-Savchenko, Elista ol (Men) 1998 CBM 66
ext} (11... exd5 12. f4 Bg6 (12... O-O $2 {runs into a devastating -> on the
>> after} 13. Be2 Qd7 14. Rh4 $16 {/\ g4}) 13. Rh3 Nd7 14. Bd3 (14. g4 {
can be met by the brave} O-O-O $1 (14... f5 15. g5 Nf7 16. Rxh8+ Nxh8 17. Qe2
$1 Nf8 18. O-O-O Ne6 (18... O-O-O 19. Bh3 Ne6 20. Qe3 Nf7 21. Nge2 $16) 19. Qf3
O-O-O (19... Qf7 {/\ Bh5} 20. Be2) 20. Nge2 $14 {with space advantage and a
bad black B.}) 15. f5 Nxf5 $1 16. gxf5 Bxf5 17. Rxh8 Rxh8 18. Nf3 Bg4 $44 {
/\ f6}) 14... O-O-O $5 {- Minasian-Savchenko, Elista 1998 CBM 66} (14... Bxd3
15. Qxd3 Nf6 $5 (15... O-O-O 16. O-O-O Qe6) 16. O-O-O Nfg4 17. Rd2 O-O-O 18.
Nf3 Qd7 {with good chances for a successful blockade on the important /^ h3-c8.
})) (11... Bg4 $4 12. Rxh6 $1 $18 {is similar to the previous note.}) (11...
cxd5 12. Bb5+ ({The tempting} 12. Nb5 $6 {allows Black to equalize in the _|_
after} Qb4+ 13. Qd2 Qxd2+ 14. Kxd2 Nc6 15. Nd6+ Ke7 $11) 12... Nc6 13. f3 O-O
14. Nge2 $36)) 9. Bxe7 (9. Bxc4 Bxg5 10. hxg5 Qxg5 11. Rxh5 Qg6 12. Be2 Nd7 13.
Nh3 $14) 9... Qxe7 10. Qxh5 {It is hard to get back the c4 P after that...} (
10. Bxc4 {looks more natural.} Nd7 $13) 10... Qb4 $5 (10... Na6 11. a3 O-O-O
12. Qg5 f6 $13) 11. Qe2 (11. O-O-O $6 {White is pushing too hard, this idea of
the exchange sacrifice cannot be correct.} Bg4 12. Qg5 Bxd1 13. Qxg7 Qf8 (13...
Rg8 14. Qxh6 Bg4 15. Qd2 $14) 14. Qxf8+ Kxf8 15. Nxd1 c5 $1 $15 {Black has to
open up the position for his rooks, Ponomariov-Bareev, Wijk aan Zee 2003 CBM 93
} (15... b5 16. Bg2 Nf5 (16... a5 17. Ne3 $14) 17. Ne2 $44 {and the rooks have
no open lines.})) 11... Nd7 (11... Bd3 12. Qd2 Bxf1 13. Kxf1 Nf5 (13... c5 14.
a3 Qb6 15. dxc5 Qxc5 $11 {Ftacnik}) 14. Nf3) 12. Qd2 (12. O-O-O Bd3) 12...
O-O-O 13. Ne4 Qxd2+ 14. Nxd2 Nb6 15. Ngf3 Bg4 $13) (7... Nd7 8. cxd5 cxd5 (8...
exd5 {Now Black has to blockade both >< f5 and >< e6!} 9. Bd3 Bxd3 10. Qxd3 {
Now it is not so easy for Black to blockade the >>.} Nf8 (10... Nh6 11. Nge2
Nf8 12. Nf4 g6 13. e6 $1 {This breakthrough is White's main threat.} Qd6 14.
exf7+ Nxf7 15. b4 Bf6 16. b5 c5 17. dxc5 Qxc5 18. Bd2 Ne5 19. Qxd5 Qxd5 20.
Ncxd5 Nf3+ 21. Ke2 Nxd2 22. Nxf6+ Kf7 23. N6d5 Ne4 24. Rhc1 $18 {
Minasian-Barash, World Open Tournament of Champions Philadelphia 1999}) 11.
Nge2 Qd7 12. Be3 Nh6 13. Bxh6 Rxh6 14. O-O-O $16 {Kosanovic-Tadic, Novi Sad op
1989}) 9. Bd3 $14) 8. Bxc4 Nd7 9. Be2 {attacking >< h5 and leaving the
vulnerable c4 square.} (9. Nf3 Nb6 10. Bd3 Bxd3 11. Qxd3 Nh6 $13 {The exchange
of the light-squared B is strategically important for Black.}) 9... c5 {
Surprisingly Black opens up the position, which usually favours for the better
developed party.} (9... Qb6 10. Nf3 O-O-O 11. O-O f6 $132) (9... Nb6 10. Bxh5
$16) 10. Nf3 (10. Be3 Qb6 11. Bb5 O-O-O $132) 10... Nh6 11. d5 exd5 12. Bxh6 {
It is questionable whether in an open position White has to give up the ^^.} (
12. Nxd5 Ng4 13. Qb3 {looked logical.}) 12... Rxh6 13. Qxd5 (13. Nxd5 Be4 14.
O-O Bxf3 15. Bxf3 Nxe5 16. Be4 $14 {and the black K is vulnerable in the [+].})
13... Qc7 (13... Qb6 14. O-O-O Be6 15. Qe4 O-O-O 16. Nd5 Bxd5 17. Rxd5 $14 {
with better centralized pieces for White.}) 14. Ng5 (14. O-O-O Nb6 15. Qd2 $14)
14... Be6 (14... O-O-O $2 15. Qxf7 Qxe5 16. f4 $18) 15. Nxe6 fxe6 16. Qe4 Nxe5
(16... O-O-O 17. O-O-O Kb8 (17... Qxe5 $4 18. Rxd7 $1 $18) (17... Nxe5 18.
Rxd8+ Bxd8 19. Nb5 $18) 18. f4 $16 {and White has a big advantage in the [+],
and even the ^- help him.}) 17. O-O-O ({Inserting} 17. Nb5 Qb8 (17... Qa5+ 18.
b4 $18) {and only then} 18. O-O-O {looked also promising.} a6 19. Nc3 Qc7 20.
f4 $16) 17... Kf8 18. Nb5 Qb8 19. f4 Nc6 $2 {This allows the penetration of
the white R on the 7-th rank.} ({It was high time for} 19... a6 {driving back
the active N.} 20. Nc3 (20. fxe5 axb5 21. Rhf1+ Kg8 22. Rd7 Rxa2 23. Rxe7 Ra1+
24. Kc2 Rxf1 25. Bxf1 Qf8 26. Rxb7 Qxf1 27. Rb8+ Kf7 $11) 20... Nf7 $14 (20...
Nc6 21. Rd7 Ra7 22. Rf1 Nd4 23. f5 $1 $40)) 20. Rd7 Qe8 21. Rxb7 Nd4 22. Nxd4
cxd4 23. Bd3 {The positions with ^- are not drawish at all, when heavy pieces
are also on the board.} a5 24. Kb1 Rc8 25. Rc1 Rxc1+ 26. Kxc1 e5 (26... Qc8+
27. Kd1 (27. Kb1 Rg6 28. Rxe7 Rxg3 $44) 27... Rg6 28. Rxe7 Rxg3 29. Ra7 $18)
27. fxe5 Qc6+ 28. Kd1 Qxe4 29. Bxe4 $18 {The _|_ ^- with rooks gives excellent
winning chances, while the _|_ ^- is very drawish, and also the R _|_ is very
difficult.} g5 30. Rb8+ Kg7 31. hxg5 Bxg5 32. Bd5 Rg6 33. Rb7+ Kf8 (33... Kh6
$2 34. Be4 $18 {wins outright}) 34. Bf7 (34. Rf7+ Ke8 35. Rh7 Rh6 36. Rg7 Be7
37. Kc2 $18 {was simple and effective.}) 34... Rg7 35. e6 h4 36. gxh4 Bxh4 37.
Rb8+ Ke7 38. Rb5 d3 39. Kd2 Rg3 40. Rxa5 Kd6 (40... Bg5+ 41. Rxg5 Rxg5 42. Kxd3
$18) 41. b4 Bg5+ 42. Rxg5 Rxg5 43. Kxd3 Rg3+ 44. Kc2 $2 (44. Kc4 $1 {was still
winning.} Ra3 45. Kb5 Rxa2 46. e7 $18) 44... Ra3 45. Kb2 Re3 {and the white K
is cut off the third rank.} 46. a4 Kc7 47. Kc2 Kd6 48. a5 Rg3 49. Kb2 (49. b5
Ra3 50. a6 Ra5 51. Kb3 Rxb5+ 52. Ka4 Rb1 53. Ka5 Ra1+ 54. Kb6 Rb1+ 55. Ka7 Rb4
56. Ka8 Rb5 $11) 49... Re3 50. a6 Kc7 51. b5 Kb6 52. Kc2 Re5 53. Kd3 Rxb5 54.
Kd4 Kxa6 55. e7 Rb8 56. Kc5 Rc8+ 57. Kd6 Kb6 1/2-1/2

[Event "Cap d'Agde-A playoff"]
[Site "Cap d'Agde"]
[Date "2003.10.26"]
[Round "1"]
[White "Gelfand, Boris"]
[Black "Topalov, Veselin"]
[Result "0-1"]
[WhiteElo "2703"]
[BlackElo "2735"]
[Annotator "Avrukh,B"]
[PlyCount "88"]
[EventDate "2003.10.26"]
[EventType "match (blitz)"]
[EventRounds "2"]
[EventCountry "FRA"]
[SourceTitle "CBM 098"]
[Source "ChessBase"]
[SourceDate "2004.02.03"]
[SourceVersion "1"]
[SourceVersionDate "2004.02.03"]
[SourceQuality "1"]

1. Nf3 Nf6 2. c4 g6 3. Nc3 Bg7 4. e4 d6 5. d4 O-O 6. Be2 e5 7. Be3 Na6 8. O-O
Ng4 9. Bg5 Qe8 10. dxe5 dxe5 11. Nd2 f6 {The best choice.} ({After} 11... Nf6
12. Nd5 {white keeps a minimal advantage.}) 12. Bh4 h5 13. h3 (13. a3 Be6 14.
h3 Nh6 15. b4 Rd8 16. Bg3 Nb8 {[%cal Gb8c6,Gc6d4]} 17. Qc2 Nc6 18. Nb3 f5 19.
Nd5 Qf7 $13 {1/2-1/2 Van Wely,L-Comas Fabrego,L/Mondariz 2000/CBM 79 (91)})
13... Nh6 14. Re1 $6 {I do not like this strange theoretical continuation,as
in my opinion it's simply waste of time.} (14. a3 $142 Be6 15. b4 {with
complicated play}) 14... c6 15. a3 Be6 16. b4 Rd8 $1 $146 {Slightly improving
on black's previous play.Perhaps already white should fight for the equality.}
(16... Nc7 17. c5 Qf7 18. Bg3 Rad8 19. Qc2 f5 20. Bh4 Bf6 21. Bxf6 Qxf6 22. Nc4
Nf7 {and black has easily solved his opening problems .1/2-1/2 Iskusnyh,
S-Chuprov,D/Smolensk 2000/CBM 77 (85)}) 17. Qc2 (17. c5 $142 Nc7 (17... g5 18.
Bg3 g4 19. h4 $1 f5 $140 20. exf5 Nxf5 21. Bxa6 $1 Nxg3 (21... bxa6 22. Bxe5
$16) 22. fxg3 bxa6 23. Nce4 $14) 18. Qc2 g5 19. Bg3 h4 (19... Qg6 20. Nf3) (
19... Qf7 $5 {[%csl Gc4]}) 20. Bh2 g4 21. hxg4 Nxg4 22. Nf3 Qh5 23. Rad1 h3 24.
Bg3 $1 hxg2 25. Kxg2 Qh3+ $3 26. Kxh3 (26. Kg1 $2 Ne3 $1 $19) 26... Ne3+ 27.
Kh2 Nxc2 28. Rxd8 Rxd8 29. Rc1 Nd4 (29... Nxa3 30. Ra1) 30. Nxd4 Rxd4 {[%csl
Gg3]} 31. Rd1 {and white should hold the endgame}) 17... g5 18. Bg3 Qg6 ({
Even stronger was immediate} 18... h4 19. Bh2 g4 $1 20. hxg4 Nxg4 21. Nf3 Qh5
22. Rad1 h3 23. Bg3 $140 hxg2 24. Kxg2 Qh3+ $3 25. Kxh3 Ne3+ 26. Kh2 Nxc2 $17 {
[%csl Ga3]}) 19. c5 $2 {Ignoring black's plans on the kingside.} (19. Nf3 $142
$1 Qf7 (19... g4 $140 20. hxg4 hxg4 21. Nh4 Qf7 22. Nd1 $13 {[%cal Gd1e3]}) 20.
Nd1 $1 $11 {[%cal Gd1e3]}) 19... h4 20. Bh2 g4 $1 {By this breakthrough black
obtains a very dangerous initiative.} 21. hxg4 Nxg4 22. Bxg4 $2 {probably
missing white's 23move} (22. Rad1 h3 23. Bg3 Ne3 $1 $19) (22. Bc4 $142 Nc7 23.
Rad1 h3 24. Bg3 Bh6 25. Qa2 Bxd2 26. Bxe6+ Nxe6 27. Rxd2 Rxd2 28. Qxd2 Nd4 $17)
22... Bxg4 23. f3 (23. Kh1 Bh6 24. Nc4 h3 $1 25. f3 Bxf3 26. gxf3 Rd2 $1 27.
Rg1 Qg2+ $19) ({Doesn't help} 23. Nc4 h3 $1 (23... Bf3 $143 24. Bg3 hxg3 25.
gxf3 $13) 24. Bg3 hxg2 25. Kxg2 Qh5 26. Re3 $8 {[%cal Ga1h1]} Bh3+ 27. Kg1 f5
$1 28. exf5 Bh6 29. Rd3 (29. Rxe5 Qf3 30. Qe4 Qxc3 $19) 29... Bxf5 30. Qd1 Bg4
{[%cal Gg4f3] and black wins}) 23... Bh6 $1 {[%csl Gd2] nice tactical blow,
afer which white loses material.} 24. Rad1 Bxd2 25. Rxd2 Bxf3 $17 {[%csl Gh2]}
26. Re3 Bg4 27. Red3 ({Maybe more stubborn was:} 27. Rd6 $142 Rxd6 (27... Nc7
$2 28. Bxe5) 28. cxd6 Nb8 {[%cal Gb8d7] still with clear advantage}) 27... Rxd3
28. Rxd3 Nc7 {[%cal Gc7e6,Ge6f4]} 29. Qf2 Qg5 30. Qd2 Ne6 31. Qxg5+ Nxg5 32. b5
$6 (32. Kf2 Kf7 33. Ke3 Ke7 $17 {[%cal Gf8h8,Gh4h3] and black should easily
convert his extra pawn}) 32... cxb5 33. Nxb5 Nxe4 34. Nxa7 Nxc5 $19 {The rest
doesn't require any commets,black is completely winning.} 35. Rc3 Ne4 36. Rc4
Bf5 37. Kh1 Rd8 38. Bg1 Rd1 39. Kh2 Rd2 {[%cal Gh4h3]} 40. Nc8 Kf8 41. Be3 (41.
Kh1 h3 42. gxh3 Ng3#) 41... Re2 42. Bc5+ Kf7 43. Nd6+ Nxd6 44. Bxd6 h3 {
[%csl Gg2]} 0-1

[Event "Cap d'Agde-A playoff"]
[Site "Cap d'Agde"]
[Date "2003.10.26"]
[Round "2"]
[White "Topalov, Veselin"]
[Black "Gelfand, Boris"]
[Result "1/2-1/2"]
[WhiteElo "2735"]
[BlackElo "2703"]
[Annotator "Lutz,C"]
[PlyCount "177"]
[EventDate "2003.10.26"]
[EventType "match (blitz)"]
[EventRounds "2"]
[EventCountry "FRA"]
[SourceTitle "CBM 098"]
[Source "ChessBase"]
[SourceDate "2004.02.03"]
[SourceVersion "1"]
[SourceVersionDate "2004.02.03"]
[SourceQuality "1"]

1. d4 Nf6 2. c4 e6 3. Nf3 d5 4. Nc3 c6 5. Bg5 h6 6. Bxf6 Qxf6 7. e3 Nd7 8. Qc2
g6 9. cxd5 {Weiß strebt eine Karlsbader Bauernstruktur an. Natürlich kann Weiß
so spielen, aber Vorteil hat er dadurch nicht.} exd5 10. Bd3 Bg7 (10... Bd6 $5
{ist ebenfalls möglich.} 11. O-O Qg7 $5 12. Rab1 a5 13. a3 O-O 14. Na4 Re8 15.
Rfe1 Qf8 16. Nd2 f5 17. f4 Nf6 18. Nf3 Be6 19. Ne5 Bf7 20. Nb6 Rad8 21. Qc3 Bc7
22. Qxa5 $5 Ra8 23. Qc5 Qxc5 24. dxc5 Ra5 $13 {0-1 Straeter,T-Knaak,R/Germany
2001/CBM 82/[Lutz] (42)}) 11. O-O O-O 12. b4 a6 $5 {Meines Erachtens ist ...
a7-a6 etwas riskant für Schwarz, da die Flexibilität der Bauern am Damenflügel
verloren geht.} (12... Qd6 $5 13. Rab1 Nb6 (13... a6 $5 14. Rfc1 b5 15. Ne2 Bb7
16. h4 h5 17. Nf4 Bh6 18. g3 $13 {1/2-1/2 Kramnik,V-Vallejo Pons,F/Paris 2002/
CBM 90/[Lutz] (30)}) 14. a4 (14. b5 c5 $11) 14... Be6 15. a5 Nd7 {mit einer
ausgeglichenen Stellung. Schwarz hält seine Bauern flexibel und spielt ggf. ...
b7-b6, so dass auch ...c6-c5 einmal möglich ist.}) 13. a4 Qd6 14. Rab1 Nb6 15.
h3 Be6 16. Rfc1 Rac8 17. Ne2 (17. b5 $2 axb5 18. axb5 c5) 17... Nc4 $2 (17...
Nd7 $5 {mit einer normalen Stellung.}) 18. Bxc4 dxc4 19. a5 {Der Pc4 ist nun
dem Untergang geweiht.} g5 20. Nd2 $16 f5 21. Nxc4 Qe7 22. Ne5 Qe8 23. Re1 Rc7
24. b5 axb5 25. Rxb5 Re7 26. Rc5 Bc8 27. f4 Bf6 28. a6 bxa6 29. Rxc6 Bb7 30.
Rb6 Be4 31. Qb3+ Kh7 32. Ng3 $18 {Weiß steht nun natürlich auf Gewinn, aber
bei beiderseitiger Zeitknappheit lässt sich Topalov noch die Butter vom Brot
nehmen.} gxf4 33. exf4 Ba8 34. Nxf5 Rc7 35. Qd3 Kh8 36. Nd6 {Hier und in der
Folge geht Topalov an einigen überdeutlichen Gewinnfortsetzungen vorbei.} (36.
Re6 $1 $18 {/\ Ng6}) 36... Qa4 37. Rxa6 Qc2 38. Qxc2 (38. Ndf7+ $18) 38... Rxc2
39. Ng6+ $2 (39. Ne4 $18) 39... Kg7 40. Rxa8 (40. Ne5 $5) 40... Bxd4+ 41. Kh2
Rxa8 42. Nf5+ Kxg6 43. Nxd4 Rb2 $11 44. Re6+ Kf7 45. Re3 Ra4 46. Nf5 h5 47. Rf3
Kf6 48. Nh4 Rc2 49. Kg3 Rcc4 50. Rf2 Rc3+ 51. Kh2 Rb4 52. Rf1 Rb2 53. Re1 Rf2
54. Re4 Ra2 55. Re1 Rc4 56. Kg3 Ra3+ 57. Nf3 Raa4 58. Re5 Kg6 59. Rg5+ Kh6 60.
Rf5 Rc2 61. Rf6+ Kg7 62. Rf5 Kg6 63. Rg5+ Kh6 64. Nh4 Ra3+ 65. Kh2 Rf2 66. Nf5+
Kh7 67. Rxh5+ Kg6 68. Rg5+ Kf6 69. Ng3 Rxf4 70. Rg8 Kf7 71. Rb8 Ra2 72. Rb1
Rff2 73. Rg1 Kg6 74. Ne4 Rfe2 75. Ng3 Reb2 76. Ne4 Kf5 77. Ng3+ Kf4 78. Nh5+
Ke3 79. Ng3 Rb8 80. Re1+ Kd3 81. Rd1+ Kc4 82. Rc1+ Kd5 83. Rd1+ Ke5 84. Re1+
Kf6 85. Rf1+ Kg6 86. Re1 Rbb2 87. Rg1 Rc2 88. Nh1 Kg5 89. Ng3 1/2-1/2

[Event "Corsica Masters rap 07th"]
[Site "Bastia"]
[Date "2003.11.01"]
[Round "1.1"]
[White "Topalov, Veselin"]
[Black "Motylev, Alexander"]
[Result "1-0"]
[WhiteElo "2735"]
[BlackElo "2634"]
[Annotator "Avrukh,B"]
[PlyCount "97"]
[EventDate "2003.11.01"]
[EventType "k.o. (rapid)"]
[EventRounds "4"]
[EventCountry "FRA"]
[SourceTitle "CBM 098"]
[Source "ChessBase"]
[SourceDate "2004.02.03"]
[SourceVersion "1"]
[SourceVersionDate "2004.02.03"]
[SourceQuality "1"]

1. c4 Nf6 2. d4 g6 3. Nc3 Bg7 4. e4 d6 5. Nf3 O-O 6. Be2 e5 7. O-O Na6 8. Re1
Qe8 ({Of course black has other possibilities in this position:} 8... exd4) ({
and} 8... c6) 9. Bf1 Bg4 10. d5 Nb4 {With typical idea in 8 Re1 -line to take
on f3 and white cannot take with queen because of Nc2.} 11. Be2 ({Still very
interesting:} 11. a3 Bxf3 12. gxf3 Na6 13. b4 {with double-edged play}) 11...
a5 12. h3 (12. Be3 Na6 13. a3 (13. Nd2 $5) 13... Bd7 14. Nd2 h5 (14... a4 $142)
15. h3 Nh7 16. b4 $5 (16. b3 $5 {[%cal Ga1b1,Gb3b4]}) 16... axb4 17. axb4 Nxb4
18. Qb3 c5 19. dxc6 Nxc6 20. Qxb7 $14 {1-0 Fridman,D-Papa,S/Bad Wiessee GER
2003/The Week in Chess 471 (35)}) 12... Bd7 13. Nh2 {Preventing black's
typical idea Nh5 with next Nf4,or f5.} Kh8 {[%cal Gf6g8,Gf7f5]} 14. Be3 $146 (
14. Nf1 Ng8 15. Ng3 Na6 (15... f5 $140 16. exf5 gxf5 17. Nh5 Bh6 18. f4 $14)
16. Rb1 Nc5 17. Qc2 Qe7 $13 {0-1 Rezan,S-Stevic,H/Pula 2000/CBM 75 (42)}) 14...
Na6 (14... Ng8 {Allows white to play} 15. c5 f5 16. a3 Na6 17. cxd6 cxd6 18.
Qb3 {getting some targets on the queenside,though the position remains unclear}
) 15. b3 Ng8 {[%cal Gf7f5]} 16. Qd2 Nc5 {First black improves the position of
his knight.} 17. Kh1 {White prepares himself to meet f5-advance with ef-gf and
f4 and starts to regroup his piecies on the kingnside.} b6 {The last useful
move before f7-f5 -advance.} 18. Rf1 f5 19. exf5 gxf5 20. f4 Nf6 (20... e4 {
strategically not so good decision,as now white has a very clear plan:to
transfer his knight to e3,putting bishop on d4 and to provoke g2-g4 advance,
for example:} 21. Bd4 Nf6 22. Rg1 Qg6 23. Nf1 {[%cal Gf1e3,Ga1f1,Gg2g4] and
white has much better prospects}) 21. Bf3 Nh5 ({Not so good:} 21... e4 22. Be2
Nh5 23. Qe1 $1 {[%csl Gg3]} Qg6 24. g4 $1 $36) (21... Nfe4 $6 22. Bxe4 Nxe4 23.
Nxe4 fxe4 24. Rae1 Qg6 25. fxe5 Bxe5 26. Bd4 $14) (21... Rd8 $142 {with next
Nh5 deserved serious attention}) 22. Bxh5 Qxh5 23. fxe5 dxe5 (23... Bxe5 $2 24.
Bd4 $16 {[%cal Gh2f3]}) 24. d6 $1 {Otherwise white is simply worse} cxd6 (24...
c6 $2 25. Bxc5 bxc5 26. Na4 $16 {[%csl Rc5]}) 25. Qxd6 {[%csl Gb6]} ({A very
serious alternative to the text was:} 25. Bxc5 bxc5 26. Qxd6 {winning the pawn,
but after correct} Bc8 $1 (26... Rad8 $143 27. Qxc5 e4 28. Rad1 $1 Bxc3 $140
29. Rxd7 $16) (26... Rfd8 $143 27. Rad1 (27. Qxc5) 27... e4 28. Nd5 $16 {
[%cal Gd5f6]}) 27. Qxc5 Bb7 28. Nd5 a4 {[%csl Gb7,Rg7] black has some
compensation with two bishops}) 25... Rf6 26. Qd1 (26. Qxe5 $140 $2 Rg6 27. Qd5
Bc6 $19) (26. Qd2 Bc6 27. Bxc5 (27. Nd5 $2 Ne4 $1 28. Nxf6 Bxf6 $40) 27... bxc5
28. Nd5 Rd6 $11) 26... Qf7 $6 ({A very clear way for the equality was:} 26...
Qxd1 $142 27. Raxd1 Bc6 28. Nf3 (28. Nd5 Bxd5 29. Rxd5 Ne4 {[%cal Ge4g3]} 30.
Re1 Re8 $11) 28... Re8 29. Nd5 Bxd5 30. Rxd5 Ne4 31. Re1 Rfe6 32. Ng5 (32. Rb5
$143 f4 $1 33. Bg1 Ng3+ 34. Kh2 e4 35. Rxb6 e3 $17 {[%csl Gg1]}) 32... Nxg5 33.
Bxg5 Bf8 $11) 27. Nd5 Rg6 28. Qc2 $1 {[%csl Gf5] Very good positional move,
which prevents both Bc6 and Ne4.} (28. Nxb6 Rxb6 29. Bxc5 Rg6 {[%cal Gd7c6]}
30. Qd5 Qe8 $44 {[%cal Gd7c6]}) 28... f4 $1 (28... Rc8 $143 29. Rad1 f4 30.
Bxc5 Rxc5 31. Nf3 Bc6 32. Nc3 $1 {[%csl Ge4][%cal Gc3e4] winning a battle for
the important e4-square}) 29. Bxc5 (29. Nxb6 $2 Bf5 30. Qd1 Qb7 31. Qd5 Qxd5
32. Nxd5 Be4 $19) 29... bxc5 30. Rae1 Bf5 (30... Bc6 $143 31. Nf3 Bxd5 32. cxd5
Qxd5 33. Re4 $44 {and despite extra pawn black should defend clearly inferior
position,due to the difference between black's dark bishop and white's knight.}
) 31. Qe2 (31. Qd2 Re6 32. Nf3 h6 $1 $13) 31... Rg8 (31... Rg3 $143 $6 32. Rf3
$1 Rg5 33. Rf2 $1 {[%cal Gh2f3]} Rg3 34. Nf1 $16 {[%csl Ge4][%cal Gf1d2]}) 32.
Nf3 {allows black to create a serious counterplay against white's king.} (32.
Qh5 Be6 $1 {the only continuation,which keeps balance} (32... Bd3 33. Rf3 $1) (
32... Qd7 $140 33. Ne7 $1 Qxe7 34. Qxf5 $16) 33. Nf3 (33. Rxe5 $143 Bxe5 34.
Qxe5+ Qg7 35. Qxg7+ R6xg7 36. Nxf4 Bf5 $13) 33... Bxd5 34. cxd5 Qxd5 35. Ng5
Bh6 36. Rxe5 (36. Nf3 Bg7 $11) 36... Qd7 $1 $11 (36... Qd3 37. Nf7+ Kg7 38.
Rfe1 $36 {[%csl Rg7]})) 32... e4 33. Nh4 f3 $1 {Opening up the position around
white's monarch.} 34. Nxf3 $4 ({After the best:} 34. Nxg6+ $142 {the game
could have finished draw after a brilliant variation:} Qxg6 35. gxf3 Bxh3 36.
Nf4 (36. Rg1 $2 Qh5) 36... Qh6 37. Nxh3 Be5 $3 38. f4 Rg3 $1 39. Rf2 $8 e3 40.
Rg1 (40. Rg2 Rxh3+ 41. Rh2 Bc3 $3 {and e3-pawn decides}) 40... Rxh3+ (40...
Rxg1+ 41. Kxg1 exf2+ 42. Kxf2 $11) 41. Rh2 Rxh2+ 42. Qxh2 Qc6+ 43. Rg2 Qf3 44.
fxe5 Qd1+ {with perpetual}) 34... exf3 35. Qxf3 Rg5 $4 {an incredible oversight
} (35... Rf8 $1 36. g4 (36. Ne7 Re6 $1) 36... Be6 $19) 36. g4 $1 Rf8 37. gxf5
Bd4 (37... Rxf5 38. Qxf5 Qxf5 39. Rxf5 Rxf5 40. Re8+ Bf8 41. Ra8 $18 {[%csl
Ga5]}) 38. f6 $18 Rfg8 {[%cal Gg5g3]} 39. Ne7 $1 Rg3 40. Qf5 R3g5 (40... R8g5
41. Qc8+ $18) 41. Qe6 Rg1+ 42. Rxg1 Rxg1+ 43. Kh2 Qxe6 44. Rxe6 {Without
queens white doesn't has any difficulties to convert his material advantage.}
Rf1 45. Nd5 Kg8 46. Kg3 h5 47. Ra6 Kf7 48. Rxa5 Kg6 49. Ra8 1-0